000 00418nam a2200181Ia 4500
005 20240823015514.0
008 240823s9999||||xx |||||||||||||| ||und||
041 _aENGLISH
082 _A537 N6
100 _aSharma B R
245 0 _aBasic Electricity
250 _a2nd
260 _c1996
_b"Satya Prakashan,New "
500 _aTRANSFERED
650 _aElectricity
_bElectrical
942 _cBK
999 _c172574
_d172574